000 00657nam a2200205 a 4500
001 000024875
005 20200930023425.0
008 110207s1969 sp r 000 0 spa d
040 _aDO-SdBNP
_bspa
_cBNPHU
082 _axxxxx
_bM476n
100 1 _aMazo, Earl
_951052
245 1 0 _aNixon :
_bun retrato político /
_cEarl Mazo , Stephen Hess ; traducción Ernesto Gutiérrez.
260 _aBarcelona, España :
_bDiana,
_c1969.
300 _a403 p. ;
_c22 cm.
500 _aIncluye notas al pie de las páginas.
534 _tNixon a political portrait.
700 1 _aHess, Stephen
_948826
700 1 _aGutiérrez, Ernesto,
_etr.
_951053
049 _aBNGR
999 _c24368
_d24368